Pinkasim a správa židovských obcí v českých zemích raného novověku: struktura a funkce /
| Hlavní autor: | Sixtová, Olga, 1968- |
|---|---|
| Další autoři: | Sládek, Pavel, 1976- |
| Jazyk: | Hebrejština Němčina Jidiš Čeština |
| Vydáno: |
Praha : Academia, 2022 |
| Vydání: | Vydání první |
| Edice: |
Judaica (Academia)
|
| Témata: | |
| Fyzický popis: |
579 stran : faksimile ; 25 cm |
| Language note: |
Částečně německý text, částečně souběžný hebrejský a jidiš text, anglické resumé |
|
| LEADER | 02988nam a2200721 i 4500 | ||
|---|---|---|---|
| 001 | nkc20223406719 | ||
| 003 | CZ PrNK | ||
| 005 | 20231214140155.0 | ||
| 007 | ta | ||
| 008 | 221128s2022 xr h f 001 0 cze | ||
| 015 | |a cnb003406719 | ||
| 020 | |a 978-80-200-3373-4 |q (vázáno) | ||
| 035 | |a (OCoLC)1375350588 | ||
| 040 | |a ABA001 |b cze |d BOA001 |e rda | ||
| 041 | 1 | |a cze |a ger |a heb |a yid |b eng |h heb |h yid | |
| 043 | |a e-xr--- | ||
| 045 | |a u-v- | ||
| 072 | 7 | |a 35.07 |x Organizace a řízení veřejné správy |2 Konspekt |9 15 | |
| 080 | |a 26-774/-775 |2 MRF | ||
| 080 | |a 352 |2 MRF | ||
| 080 | |a 06.01 |2 MRF | ||
| 080 | |a 930.253:352/354 |2 MRF | ||
| 080 | |a 002+801.82 |2 MRF | ||
| 080 | |a 26-67 |2 MRF | ||
| 080 | |a 26 |2 MRF | ||
| 080 | |a (437.3) |2 MRF | ||
| 080 | |a (048.8:082) |2 MRF | ||
| 100 | 1 | |a Sixtová, Olga, |d 1968- |7 ola2003201044 |4 aut | |
| 245 | 1 | 0 | |a Pinkasim a správa židovských obcí v českých zemích raného novověku: struktura a funkce / |c Olga Sixtová a kolektiv ; editor Pavel Sládek |
| 250 | |a Vydání první | ||
| 264 | 1 | |a Praha : |b Academia, |c 2022 | |
| 300 | |a 579 stran : |b faksimile ; |c 25 cm | ||
| 336 | |a text |b txt |2 rdacontent | ||
| 337 | |a bez média |b n |2 rdamedia | ||
| 338 | |a svazek |b nc |2 rdacarrier | ||
| 490 | 1 | |a Judaica ; |v sv. 28 | |
| 504 | |a Obsahuje bibliografii, bibliografické odkazy a rejstříky | ||
| 546 | |a Částečně německý text, částečně souběžný hebrejský a jidiš text, anglické resumé | ||
| 648 | 7 | |a 17.-18. století |7 ch757024 |2 czenas | |
| 650 | 0 | 7 | |a židovské obce |7 ph128003 |z Česko |y 17.-18. století |2 czenas |
| 650 | 0 | 7 | |a místní správa |7 ph115408 |z Česko |y 17.-18. století |2 czenas |
| 650 | 0 | 7 | |a místní správa |7 ph115408 |x judaistické pojetí |y 17.-18. století |2 czenas |
| 650 | 0 | 7 | |a stanovy |7 ph137375 |z Česko |y 17.-18. století |2 czenas |
| 650 | 0 | 7 | |a úřední knihy |7 ph128375 |z Česko |y 17.-18. století |2 czenas |
| 650 | 0 | 7 | |a písemné prameny |7 ph115977 |z Česko |y 17.-18. století |2 czenas |
| 650 | 0 | 7 | |a judaismus a společnost |7 ph514348 |z Česko |y 17.-18. století |2 czenas |
| 650 | 0 | 9 | |a Jewish communities |z Czechia |y 17th-18th centuries |2 eczenas |
| 650 | 0 | 9 | |a local government |z Czechia |y 17th-18th centuries |2 eczenas |
| 650 | 0 | 9 | |a local government |x Judaic approach |y 17th-18th centuries |2 eczenas |
| 650 | 0 | 9 | |a statutes |z Czechia |y 17th-18th centuries |2 eczenas |
| 650 | 0 | 9 | |a official books |z Czechia |y 17th-18th centuries |2 eczenas |
| 650 | 0 | 9 | |a written sources |z Czechia |y 17th-18th centuries |2 eczenas |
| 650 | 0 | 9 | |a Judaism and society |z Czechia |y 17th-18th centuries |2 eczenas |
| 653 | 0 | |a pinkasim | |
| 655 | 7 | |a kolektivní monografie |7 fd501537 |2 czenas | |
| 655 | 9 | |a collective monographs |2 eczenas | |
| 700 | 1 | |a Sládek, Pavel, |d 1976- |7 xx0023953 |4 edt | |
| 830 | 0 | |a Judaica (Academia) |0 s | |
| 910 | 2 | |a BOA001 |b 2-1506.032 | |
| 990 | |a BK | ||
| 995 | |a 01 | ||
| 991 | |b 202303 |c NOV | ||
| 996 | 6 | |b 2610934156 |c 2-1506.032 |l MZK |r Sklad / do 1 hodiny |n 0 |p p.v. |w 001919329 |u 000010 |a 1 |e BOA001 |j MZK50 |s P | |
English
Čeština 